Strašiak finančnej krízy obchádza Južnú Ameriku

O finančnej kríze v krajinách Južnej Ameriky - ako vzniká a ako ju treba riešiť. Výbrané ekonomické ukazovatele ( rast HDP, inflácia, priemerný ročný príjem ) v jednotlivých krajinách sveta, napr. Argentína, Brazília, Rusko, Malajzia, Indonézia, Thajsko a pod.

Salvato in:
Dettagli Bibliografici
Autore principale: Tirpák, Ivan
Natura: Capitolo di libro
Lingua:slovacco
Soggetti:
Tags: Aggiungi Tag
Nessun Tag, puoi essere il primo ad aggiungerne!!

MARC

LEADER 00000naa a2200000 4500
001 r047286
005 20230908084052.9
041 0 |a slo 
044 |a SK 
245 1 0 |a Strašiak finančnej krízy obchádza Južnú Ameriku  |c Ivan Tirpák 
520 |a O finančnej kríze v krajinách Južnej Ameriky - ako vzniká a ako ju treba riešiť. Výbrané ekonomické ukazovatele ( rast HDP, inflácia, priemerný ročný príjem ) v jednotlivých krajinách sveta, napr. Argentína, Brazília, Rusko, Malajzia, Indonézia, Thajsko a pod. 
610 2 0 |a kríza finančná 
610 2 0 |a ukazovatele ekonomické 
610 2 0 |a Južná Amerika 
610 2 0 |a svet 
100 1 |a Tirpák, Ivan